000
00263nam a2200109Ia 4500
008
220204s9999 xx 000 0 und d
082
_a
82-3
_b
MAC
100
_a
Maclean, Alistair
245
4
_a
The Way to dusty death
260
_a
Calcutta
_b
Rupa
_c
1976
942
_c
BK
999
_c
29497
_d
29497